| 000 | 00381nam a22001337a 4500 | ||
|---|---|---|---|
| 020 | _a0-408-00305-7 | ||
| 082 | _a604.2 TJA'E | ||
| 100 |
_aTJALUE, E,ADREASEN, M.M _976077 |
||
| 245 | _aENGINEERING GRAPHIC MODELLING A WORKBOOK FOR DESIGN ENGINEER'S | ||
| 260 |
_aLONDON _bNEWNES _c1979 |
||
| 300 | _a119P | ||
| 650 |
_aENGINEERING GRAPHICS ENGINEERING DESIGN _967718 |
||
| 942 | _cBK | ||
| 999 |
_c581504 _d581504 |
||